[Event "2016 Redpath Mining Millionaire Chess Open"]
[Site "Venue: Old Ed’s Sports Complex, Houghton, Johannesburg"]
[Date "2016.07.17"]
[Round "9"]
[Board "15"]
[White "Smith, Elani"]
[Black "Moremi, Thato"]
[Result "1/2-1/2"]
[WhiteElo "1168"]
[BlackElo "1576"]
[PlyCount "0"]
[EventDate "2016.07.13"]
[EventRounds "9"]
[EventCountry "RSA"]

1. e4 {[%clk 1:30:55]} e6 {[%clk 1:08:06]} 2. d4 {[%clk 1:31:05]} d5
{[%clk 1:08:02]} 3. Nd2 {[%clk 1:31:14]} dxe4 {[%clk 1:07:53]} 4. Nxe4
{[%clk 1:31:30]} Nd7 {[%clk 1:08:02]} 5. Nf3 {[%clk 1:30:52]} Ngf6
{[%clk 1:07:55]} 6. Nxf6+ {[%clk 1:28:03]} Nxf6 {[%clk 1:07:08]} 7. Bd3
{[%clk 1:24:26]} Be7 {[%clk 1:06:44]} 8. O-O {[%clk 1:22:57]} O-O
{[%clk 1:06:45]} 9. Bg5 {[%clk 1:20:01]} b6 {[%clk 1:06:54]} 10. c3
{[%clk 1:17:14]} Bb7 {[%clk 1:06:15]} 11. Re1 {[%clk 1:10:33]} c5
{[%clk 1:05:20]} 12. Bxf6 {[%clk 1:05:37]} Bxf6 {[%clk 1:05:29]} 13. dxc5
{[%clk 1:05:12]} bxc5 {[%clk 1:05:44]} 14. Be4 {[%clk 1:02:33]} Bxe4
{[%clk 1:04:05]} 15. Rxe4 {[%clk 1:02:03]} Rb8 {[%clk 1:04:25]} 16. Re2
{[%clk 1:00:35]} h6 {[%clk 1:03:44]} 17. h3 {[%clk 0:40:31]} Rb6 {[%clk 0:52:58]}
18. Rc1 {[%clk 0:27:48]} Qc7 {[%clk 0:50:00]} 19. Rcc2 {[%clk 0:23:31]} Rfb8
{[%clk 0:44:42]} 20. Red2 {[%clk 0:15:54]} R8b7 {[%clk 0:43:44]} 21. b3
{[%clk 0:12:45]} a5 {[%clk 0:42:51]} 22. c4 1/2-1/2

[Event "2016 Redpath Mining Millionaire Chess Open"]
[Site "Venue: Old Ed’s Sports Complex, Houghton, Johannesburg"]
[Date "2016.07.17"]
[Round "9"]
[Board "16"]
[White "Vedant, Kumar Saravana"]
[Black "Waters, Anre"]
[Result "0-1"]
[WhiteElo "1074"]
[BlackElo "1537"]
[PlyCount "0"]
[EventDate "2016.07.13"]
[EventRounds "9"]
[EventCountry "RSA"]

1. e4 {[%clk 1:30:58]} c5 {[%clk 1:30:44]} 2. Nf3 {[%clk 1:31:20]} d6
{[%clk 1:31:07]} 3. d4 {[%clk 1:31:29]} cxd4 {[%clk 1:31:13]} 4. Nxd4
{[%clk 1:31:52]} Nf6 {[%clk 1:31:29]} 5. Nc3 {[%clk 1:32:10]} a6 {[%clk 1:31:41]}
6. Bc4 {[%clk 1:31:47]} Nc6 {[%clk 1:31:54]} 7. Nxc6 {[%clk 1:30:06]} bxc6
{[%clk 1:32:14]} 8. Be3 {[%clk 1:28:00]} e6 {[%clk 1:32:00]} 9. f4
{[%clk 1:21:27]} Be7 {[%clk 1:30:56]} 10. Qd2 {[%clk 1:17:19]} O-O
{[%clk 1:30:39]} 11. O-O {[%clk 1:16:41]} d5 {[%clk 1:29:54]} 12. exd5
{[%clk 1:15:46]} cxd5 {[%clk 1:29:46]} 13. Be2 {[%clk 1:14:19]} Bb4
{[%clk 1:28:13]} 14. a3 {[%clk 1:13:50]} Ne4 {[%clk 1:27:28]} 15. Qd4
{[%clk 1:12:24]} Bxc3 {[%clk 1:26:53]} 16. bxc3 {[%clk 1:08:54]} Bd7
{[%clk 1:21:31]} 17. c4 {[%clk 1:07:58]} Qf6 {[%clk 1:18:32]} 18. cxd5
{[%clk 1:00:48]} Qxd4 {[%clk 1:16:07]} 19. Bxd4 {[%clk 1:00:37]} exd5
{[%clk 1:16:27]} 20. Bf3 {[%clk 0:58:07]} Bb5 21. Rfd1 {[%clk 0:53:31]} Rac8
{[%clk 1:11:34]} 22. Bxe4 {[%clk 0:52:36]} dxe4 {[%clk 1:11:40]} 23. c3
{[%clk 0:50:08]} f5 {[%clk 1:10:27]} 24. Kf2 {[%clk 0:47:24]} Bd3
{[%clk 1:09:29]} 25. Rdc1 {[%clk 0:41:24]} Rb8 {[%clk 1:08:10]} 26. c4
{[%clk 0:40:59]} Rfd8 {[%clk 1:07:09]} 27. Be5 {[%clk 0:33:06]} Rbc8
{[%clk 1:05:19]} 28. c5 {[%clk 0:33:03]} Bb5 {[%clk 1:04:50]} 29. Bd6
{[%clk 0:32:47]} Re8 {[%clk 1:03:33]} 30. Ke3 {[%clk 0:32:35]} h6
{[%clk 0:59:54]} 31. g3 {[%clk 0:32:48]} Kf7 {[%clk 0:58:49]} 32. a4
{[%clk 0:32:53]} Bd7 {[%clk 0:54:07]} 33. Kd4 {[%clk 0:31:58]} Re6
{[%clk 0:49:04]} 34. Kd5 {[%clk 0:29:08]} Bc6+ {[%clk 0:48:13]} 35. Kd4
{[%clk 0:29:12]} Bxa4 {[%clk 0:44:38]} 36. Rc3 {[%clk 0:25:57]} Bb5
{[%clk 0:43:47]} 37. h3 {[%clk 0:18:04]} Rxd6+ {[%clk 0:39:26]} 38. cxd6
{[%clk 0:15:14]} Rxc3 {[%clk 0:39:10]} 39. Kxc3 {[%clk 0:15:32]} e3
{[%clk 0:39:35]} 40. Kd4 {[%clk 0:15:02]} e2 {[%clk 0:39:44]} 41. Ke5
{[%clk 0:14:49]} g6 {[%clk 0:38:36]} 42. h4 {[%clk 0:14:54]} Ba4 {[%clk 0:38:38]}
43. Re1 {[%clk 0:14:46]} Bd1 {[%clk 0:38:43]} 44. d7 {[%clk 0:14:45]} Ke7
{[%clk 0:39:06]} 45. d8=Q+ {[%clk 0:14:03]} Kxd8 {[%clk 0:39:31]} 46. Kd6
{[%clk 0:14:23]} a5 {[%clk 0:39:31]} 47. Kc5 {[%clk 0:14:13]} a4 {[%clk 0:39:42]}
48. Kb4 {[%clk 0:14:08]} Kc7 {[%clk 0:39:49]} 49. Ka3 {[%clk 0:09:30]} Kd6
{[%clk 0:40:07]} 50. Kb2 {[%clk 0:09:07]} Kc5 {[%clk 0:40:13]} 51. Ka3
{[%clk 0:08:44]} Kc4 {[%clk 0:40:26]} 52. Rxe2 {[%clk 0:07:59]} Bxe2
{[%clk 0:40:38]} 53. Kxa4 {[%clk 0:08:25]} Kd3 {[%clk 0:40:55]} 54. Kb5
{[%clk 0:08:43]} Ke3+ {[%clk 0:41:14]} 55. Kc6 {[%clk 0:08:52]} Kf3
{[%clk 0:41:18]} 56. Kd6 {[%clk 0:09:01]} Kxg3 {[%clk 0:41:40]} 57. Ke6
{[%clk 0:09:17]} Kxh4 {[%clk 0:41:09]} 58. Kf6 {[%clk 0:09:31]} Kg4
{[%clk 0:41:22]} 59. Kxg6 {[%clk 0:09:42]} h5 {[%clk 0:41:44]} 60. Kf6
{[%clk 0:09:56]} h4 {[%clk 0:42:06]} 61. Ke6 {[%clk 0:09:57]} h3 {[%clk 0:42:27]}
62. Kd6 {[%clk 0:10:22]} h2 {[%clk 0:42:46]} 63. Ke6 {[%clk 0:10:49]} h1=Q
{[%clk 0:43:00]} 64. Kd6 {[%clk 0:11:13]} Qe4 {[%clk 0:43:01]} 65. Kc5
{[%clk 0:11:12]} Qd3 {[%clk 0:42:55]} 66. Kc6 {[%clk 0:11:32]} Qd4
{[%clk 0:42:53]} 67. Kc7 {[%clk 0:11:43]} Qd5 {[%clk 0:42:58]} 68. Kb6
{[%clk 0:11:46]} Qc4 {[%clk 0:43:03]} 69. Kb7 {[%clk 0:11:35]} Qc5
{[%clk 0:42:45]} 70. Ka8 {[%clk 0:11:54]} Qb5 {[%clk 0:42:37]} 71. Ka7
{[%clk 0:12:13]} Bf1 {[%clk 0:42:42]} 72. Ka8 {[%clk 0:12:23]} Bg2+
{[%clk 0:43:05]} 73. Ka7 {[%clk 0:12:35]} Qb7# {[%clk 0:43:29]} 0-1

[Event "2016 Redpath Mining Millionaire Chess Open"]
[Site "Venue: Old Ed’s Sports Complex, Houghton, Johannesburg"]
[Date "2016.07.17"]
[Round "9"]
[Board "17"]
[White "Claassen, Gabriella"]
[Black "Dykema, Joshua"]
[Result "1/2-1/2"]
[WhiteElo "1122"]
[BlackElo "1472"]
[PlyCount "0"]
[EventDate "2016.07.13"]
[EventRounds "9"]
[EventCountry "RSA"]

1. d4 {[%clk 1:30:57]} Nf6 {[%clk 1:30:52]} 2. Nf3 {[%clk 1:31:16]} g6
{[%clk 1:30:46]} 3. Nc3 {[%clk 1:31:32]} d5 {[%clk 1:28:42]} 4. Bf4
{[%clk 1:31:31]} c6 {[%clk 1:27:37]} 5. e3 {[%clk 1:31:29]} Bg7 {[%clk 1:27:44]}
6. Bd3 {[%clk 1:31:24]} O-O {[%clk 1:27:44]} 7. Ne5 {[%clk 1:31:33]} Nbd7
{[%clk 1:27:22]} 8. h4 {[%clk 1:31:33]} e6 {[%clk 1:24:42]} 9. Qe2
{[%clk 1:29:20]} Nh5 {[%clk 1:23:24]} 10. O-O-O {[%clk 1:27:17]} Nxf4
{[%clk 1:16:36]} 11. exf4 {[%clk 1:27:36]} Nxe5 {[%clk 1:10:00]} 12. fxe5
{[%clk 1:27:17]} f5 {[%clk 1:09:23]} 13. Rdg1 {[%clk 1:23:04]} Kf7
{[%clk 1:08:55]} 14. g4 {[%clk 1:21:04]} Ke8 {[%clk 1:00:09]} 15. gxf5
{[%clk 1:18:55]} exf5 16. Re1 {[%clk 1:18:09]} Be6 {[%clk 0:59:51]} 17. Qe3
{[%clk 1:11:01]} f4 {[%clk 0:51:08]} 18. Qf3 {[%clk 1:09:35]} Bh6
{[%clk 0:43:53]} 19. Reg1 {[%clk 1:07:49]} Qd7 {[%clk 0:40:56]} 20. Kb1
{[%clk 1:06:11]} Bf5 {[%clk 0:35:09]} 21. Ne2 {[%clk 1:03:43]} Bxd3
{[%clk 0:34:56]} 22. cxd3 {[%clk 1:01:25]} 1/2-1/2

[Event "2016 Redpath Mining Millionaire Chess Open"]
[Site "Venue: Old Ed’s Sports Complex, Houghton, Johannesburg"]
[Date "2016.07.17"]
[Round "9"]
[Board "18"]
[White "Mostert, Gert"]
[Black "Shaw, Laurie Ann"]
[Result "1-0"]
[WhiteElo "1457"]
[BlackElo "1443"]
[PlyCount "0"]
[EventDate "2016.07.13"]
[EventRounds "9"]
[EventCountry "RSA"]

1. e4 {[%clk 1:30:57]} c5 {[%clk 1:30:56]} 2. Nc3 {[%clk 1:30:41]} Nc6
{[%clk 1:31:21]} 3. f4 {[%clk 1:30:02]} g6 {[%clk 1:31:46]} 4. Nf3
{[%clk 1:29:10]} Bg7 {[%clk 1:32:07]} 5. Bb5 {[%clk 1:28:53]} Nd4
{[%clk 1:30:59]} 6. Bc4 {[%clk 1:27:04]} d6 {[%clk 1:29:32]} 7. O-O
{[%clk 1:26:03]} e6 {[%clk 1:29:47]} 8. d3 {[%clk 1:25:14]} Ne7 {[%clk 1:28:54]}
9. Ne2 {[%clk 1:23:15]} b5 {[%clk 1:26:08]} 10. Nexd4 {[%clk 1:19:50]} bxc4
{[%clk 1:26:25]} 11. Ne2 {[%clk 1:19:45]} cxd3 {[%clk 1:26:44]} 12. Qxd3
{[%clk 1:19:58]} O-O {[%clk 1:27:04]} 13. Nc3 {[%clk 1:19:40]} Qb6
{[%clk 1:25:08]} 14. Qd2 {[%clk 1:15:38]} Bb7 {[%clk 1:21:15]} 15. Re1
{[%clk 1:14:29]} Rfd8 {[%clk 1:19:45]} 16. Rb1 {[%clk 1:05:45]} Nc6
{[%clk 1:19:41]} 17. Na4 {[%clk 1:03:17]} Qc7 {[%clk 1:19:06]} 18. b3
{[%clk 1:02:43]} d5 {[%clk 1:08:28]} 19. e5 {[%clk 1:01:38]} Rac8
{[%clk 1:04:53]} 20. Nxc5 {[%clk 0:57:34]} Nxe5 {[%clk 1:04:47]} 21. fxe5
{[%clk 0:53:41]} Qxc5+ {[%clk 1:05:06]} 22. Nd4 {[%clk 0:52:42]} a6
{[%clk 0:53:32]} 23. Bb2 {[%clk 0:47:48]} Qc7 {[%clk 0:50:58]} 24. Qe2
{[%clk 0:46:35]} Bf8 {[%clk 0:45:34]} 25. Kh1 {[%clk 0:45:46]} Bb4
{[%clk 0:42:30]} 26. Rf1 {[%clk 0:43:56]} Bc5 {[%clk 0:41:58]} 27. c3
{[%clk 0:43:06]} Bxd4 {[%clk 0:40:52]} 28. cxd4 {[%clk 0:42:08]} Qb6
{[%clk 0:37:31]} 29. Qf2 {[%clk 0:40:22]} Rd7 {[%clk 0:36:02]} 30. Bc1
{[%clk 0:39:05]} Qd8 {[%clk 0:34:07]} 31. Bh6 {[%clk 0:38:20]} Rdc7
{[%clk 0:33:04]} 32. Rbc1 {[%clk 0:37:59]} Qe7 {[%clk 0:27:07]} 33. Rxc7
{[%clk 0:37:30]} Rxc7 {[%clk 0:27:14]} 34. h4 {[%clk 0:34:26]} a5
{[%clk 0:18:38]} 35. Bg5 {[%clk 0:32:37]} Qf8 {[%clk 0:18:31]} 36. Qf6
{[%clk 0:32:41]} Rc2 {[%clk 0:13:08]} 37. Bh6 {[%clk 0:32:11]} Qxh6
{[%clk 0:12:46]} 38. Qxf7+ {[%clk 0:32:35]} Kh8 {[%clk 0:13:11]} 39. Qe8+
{[%clk 0:33:02]} Kg7 {[%clk 0:13:17]} 40. Rf7# {[%clk 0:33:23]} 1-0

[Event "2016 Redpath Mining Millionaire Chess Open"]
[Site "Venue: Old Ed’s Sports Complex, Houghton, Johannesburg"]
[Date "2016.07.17"]
[Round "9"]
[Board "19"]
[White "Oosthuizen, Michal Jacobus"]
[Black "Odendaal, Ruben Lourens"]
[Result "1/2-1/2"]
[WhiteElo "1357"]
[BlackElo "1300"]
[PlyCount "0"]
[EventDate "2016.07.13"]
[EventRounds "9"]
[EventCountry "RSA"]

1. d4 {[%clk 1:30:57]} d5 {[%clk 1:30:26]} 2. Bf4 {[%clk 1:30:45]} Nf6
{[%clk 1:30:15]} 3. e3 {[%clk 1:30:48]} e6 {[%clk 1:30:08]} 4. Nf3
{[%clk 1:31:02]} Be7 {[%clk 1:27:52]} 5. c3 {[%clk 1:26:03]} O-O 6. Bd3
{[%clk 1:24:37]} c5 {[%clk 1:27:00]} 7. Nbd2 {[%clk 1:24:48]} Nc6
{[%clk 1:26:28]} 8. O-O {[%clk 1:24:33]} Qb6 {[%clk 1:25:13]} 9. Qb1
{[%clk 1:23:17]} Bd7 {[%clk 1:18:02]} 10. Ne5 {[%clk 1:22:46]} h6
{[%clk 1:17:50]} 11. Ndf3 {[%clk 1:21:39]} 1/2-1/2

[Event "2016 Redpath Mining Millionaire Chess Open"]
[Site "Venue: Old Ed’s Sports Complex, Houghton, Johannesburg"]
[Date "2016.07.17"]
[Round "9"]
[Board "20"]
[White "Arjunan, Zander"]
[Black "Marais, Alwyn Johannes"]
[Result "0-1"]
[WhiteElo "715"]
[BlackElo "1095"]
[PlyCount "0"]
[EventDate "2016.07.13"]
[EventRounds "9"]
[EventCountry "RSA"]

1. e4 {[%clk 1:30:58]} e5 {[%clk 1:30:54]} 2. Nf3 {[%clk 1:31:04]} Nc6
{[%clk 1:30:47]} 3. Nc3 {[%clk 1:31:20]} Nf6 {[%clk 1:30:33]} 4. Bc4
{[%clk 1:31:35]} Nxe4 {[%clk 1:30:44]} 5. Nxe4 {[%clk 1:31:49]} d5
{[%clk 1:31:03]} 6. Bd3 {[%clk 1:31:39]} dxe4 {[%clk 1:29:57]} 7. Bxe4
{[%clk 1:31:28]} Bd6 {[%clk 1:29:02]} 8. O-O {[%clk 1:31:24]} O-O
{[%clk 1:29:24]} 9. d3 {[%clk 1:31:26]} Bd7 {[%clk 1:27:54]} 10. Ng5
{[%clk 1:31:30]} f5 {[%clk 1:27:46]} 11. Qh5 {[%clk 1:31:08]} h6 {[%clk 1:27:09]}
12. Bd5+ {[%clk 1:30:53]} Kh8 {[%clk 1:25:30]} 13. Nf7+ {[%clk 1:30:39]} Rxf7
{[%clk 1:25:48]} 14. Qxf7 {[%clk 1:30:59]} Nb4 {[%clk 1:24:23]} 15. Bb3
{[%clk 1:30:59]} Bc6 {[%clk 1:19:52]} 16. Qxf5 {[%clk 1:30:14]} Qh4
{[%clk 1:18:33]} 17. Qh3 {[%clk 1:28:58]} Qxh3 {[%clk 1:15:39]} 18. gxh3
{[%clk 1:29:20]} Rf8 {[%clk 1:15:37]} 19. c3 {[%clk 1:29:11]} Rf6
{[%clk 1:15:41]} 20. f4 {[%clk 1:28:41]} Nxd3 {[%clk 1:13:51]} 21. Bd1
{[%clk 1:28:21]} Bc5+ {[%clk 1:12:56]} 22. Rf2 {[%clk 1:28:11]} Nxf2
{[%clk 1:12:21]} 23. Bd2 {[%clk 1:26:36]} Nxd1+ {[%clk 1:12:19]} 24. Kf1
{[%clk 1:26:37]} Bf3 {[%clk 1:11:40]} 25. f5 {[%clk 1:26:28]} Rxf5
{[%clk 1:08:35]} 26. c4 {[%clk 1:26:36]} Rf6 {[%clk 1:08:06]} 27. b4
{[%clk 1:26:03]} Bd4 {[%clk 1:08:05]} 28. Rc1 {[%clk 1:25:08]} Rg6
{[%clk 1:08:21]} 29. Be3 {[%clk 1:24:43]} Bxe3 {[%clk 1:08:38]} 30. Rxd1
{[%clk 1:24:40]} Rg1# {[%clk 1:08:59]} 0-1

[Event "2016 Redpath Mining Millionaire Chess Open"]
[Site "Venue: Old Ed’s Sports Complex, Houghton, Johannesburg"]
[Date "2016.07.17"]
[Round "9"]
[Board "21"]
[White "Odendaal, Mikhal Marcus"]
[Black "Tabane, Gomolemo"]
[Result "1-0"]
[WhiteElo "932"]
[BlackElo "647"]
[PlyCount "0"]
[EventDate "2016.07.13"]
[EventRounds "9"]
[EventCountry "RSA"]

1. e4 e5 {[%clk 1:08:44]} 2. Nf3 {[%clk 1:30:35]} Nc6 3. Bc4 Bc5 {[%clk 1:08:25]}
4. O-O {[%clk 1:30:39]} Nf6 {[%clk 1:08:39]} 5. Nc3 {[%clk 1:30:55]} O-O
{[%clk 1:08:57]} 6. d3 {[%clk 1:31:16]} d6 {[%clk 1:09:26]} 7. h3
{[%clk 1:31:16]} h6 {[%clk 1:09:38]} 8. Nd5 {[%clk 1:30:58]} Nxd5
{[%clk 1:09:47]} 9. Bxd5 {[%clk 1:31:14]} Nd4 {[%clk 1:09:55]} 10. Be3
{[%clk 1:30:02]} Nxf3+ {[%clk 1:10:03]} 11. Qxf3 {[%clk 1:30:21]} Bxe3
{[%clk 1:10:32]} 12. Qxe3 {[%clk 1:30:45]} Qe8 {[%clk 1:10:13]} 13. c3
{[%clk 1:27:45]} Be6 {[%clk 1:10:28]} 14. Bxb7 {[%clk 1:27:23]} Rb8
{[%clk 1:10:31]} 15. Qxa7 {[%clk 1:27:23]} Rd8 {[%clk 1:10:51]} 16. Bd5
{[%clk 1:26:24]} Bxd5 17. exd5 Ra8 {[%clk 1:11:02]} 18. Qxc7 {[%clk 1:26:38]} Rb8
{[%clk 1:11:12]} 19. Qxd6 {[%clk 1:26:30]} Rxb2 {[%clk 1:11:28]} 20. Rfe1
{[%clk 1:25:58]} f6 {[%clk 1:11:43]} 21. Qe6+ {[%clk 1:25:18]} Qxe6
{[%clk 1:12:00]} 22. dxe6 {[%clk 1:25:42]} Re8 {[%clk 1:12:21]} 23. Rec1
{[%clk 1:25:56]} Rxe6 {[%clk 1:12:44]} 24. a4 {[%clk 1:26:14]} f5
{[%clk 1:12:50]} 25. a5 {[%clk 1:26:30]} e4 {[%clk 1:12:56]} 26. dxe4
{[%clk 1:26:24]} fxe4 {[%clk 1:13:24]} 27. Re1 {[%clk 1:26:48]} Rc2
{[%clk 1:13:31]} 28. a6 {[%clk 1:26:37]} Rxc3 {[%clk 1:13:20]} 29. a7
{[%clk 1:26:54]} e3 {[%clk 1:12:17]} 30. a8=Q+ {[%clk 1:27:05]} Kf7 31. fxe3 Kg6
{[%clk 1:11:15]} 32. Qd5 {[%clk 1:26:28]} Rcc6 {[%clk 1:11:27]} 33. Rac1
{[%clk 1:25:49]} Rcd6 {[%clk 1:11:49]} 34. Qa2 {[%clk 1:24:30]} Kf7
{[%clk 1:11:34]} 35. Qa7+ {[%clk 1:24:27]} Re7 {[%clk 1:11:57]} 36. Rf1+
{[%clk 1:24:48]} Ke6 {[%clk 1:12:06]} 37. Rc7 {[%clk 1:24:18]} Rdd7
{[%clk 1:12:15]} 38. Rxd7 {[%clk 1:24:43]} Rxd7 {[%clk 1:12:44]} 39. Qxd7+
{[%clk 1:24:52]} Kxd7 40. Kf2 {[%clk 1:25:14]} g5 {[%clk 1:13:26]} 41. Kf3
{[%clk 1:25:42]} Ke6 {[%clk 1:13:48]} 42. Ke4 {[%clk 1:26:10]} h5
{[%clk 1:13:23]} 43. g4 {[%clk 1:26:18]} hxg4 {[%clk 1:13:11]} 44. hxg4
{[%clk 1:28:35]} Kd6 {[%clk 1:11:38]} 45. Kf5 {[%clk 1:28:52]} Kd5
{[%clk 1:12:02]} 46. e4+ {[%clk 1:29:16]} 1-0